LEADER 00808nam a2200205 i 4500 001 000000208077 003 CaOOAMICUS 005 20111110000000.0 008 111110s1967 it u000 u ita u 013 $a186860 040 $aSeMil$bita 100 1 $aBucarelli, Palma.$0(OLS)http://semarc/name/74694 245 10$aScultori italiani contemporanei /$cPalma Bucarelli. 260 $aMilano :$bA. Martello,$cstampa 1967. 300 $a233 p. :$briccamente ill. ;$c37 cm. 650 4$aScultura italiana - Sec. 20.$0(OLS)http://semarc/subject/35359 850 $aSeMil 852 $aSeMil$W1$xVenegono$y1$m5I VII 21$j158535$B158535$CSeMilBibl$Z2$F169681 $81 996 $6245$aScultori italiani contemporanei$9(OLS)http://semarc/title/300902 996 $6260$aMilano :$bA. Martello$9(OLS)http://semarc/publisher/32451 LEADER 01234nam a2200277 i 4500 001 000000193522 003 CaOOAMICUS 005 20150706000000.0 008 150706s1935 it u000 u lat u 013 $a172165 040 $aSeMil$bita 100 0 $aBenedictus,$c.$0(OLS)http://semarc/name/3918 245 10$aSancti Benedicti regula monasteriorum /$ceditionem critico-practicam adornavit Cuthbertus Butler. 250 $a3. ed. 260 $aFriburgi Brisgoviae :$bHerder & Co.,$c1935. 300 $aXXIV, 223 p. ;$c18 cm. 500 $aFondo card. Giovanni Colombo. 650 4$aBenedettini - Regole e Costituzioni.$0(OLS)http://semarc/subject/2410 650 4$aBenedetto : da Norcia . Regula Sancti Benedicti.$0(OLS)http://semarc/subject/1522 700 1 $aButler, Edward Cuthbert,$d<1858-1934>.$0(OLS)http://semarc/name/90524 850 $aSeMil 852 $aSeMil$W1$xVenegono$y1$m3GC VI 297$j144096$B144096$CSeMilBibl$Z2$F155540 $8B 941 1 $a3 961 $aLascito: Colombo Card. Giovanni 996 $6245$aSancti Benedicti regula monasteriorum$9(OLS)http://semarc/title/172756 996 $6260$aFriburgi Brisgoviae :$bHerder & Co.$9(OLS)http://semarc/publisher/30009 LEADER 00828nam a2200217 i 4500 001 000000158912 003 CaOOAMICUS 005 20070214000000.0 008 070214s1991 it u000 u ita u 013 $a136275 020 $a88--250-0057-X 040 $aSeMil$bita 245 10$aIntroduzione generale e ai singoli vangeli ; Commento. 250 $a3. ed. corretta. 300 $a558 p. 500 $aContiene : Bibliografia. 773 0 $aPoppi, Angelico <1928-2017>$tSinossi dei quattro vangeli.$dPadova : Messaggero, 1983-1991.$gVolume2$w()17261 850 $aSeMil 852 $aSeMil$W1$xVenegono$y1$m156 63 2 *$j110505$B110505$CSeMilBibl$Z2$F120134 $81 996 $6020$a88--250-0057-X$9(OLS)http://semarc/number/74404 996 $6245$aIntroduzione generale e ai singoli vangeli ; Commento$9(OLS)http://semarc/title/140629